| 000 | 00984nam a2200289 i 4500 | ||
|---|---|---|---|
| 001 | 000044640 | ||
| 003 | DO-SdBNP | ||
| 005 | 20251118132526.0 | ||
| 007 | ta | ||
| 008 | 141210s2014 dr 000 0 spa d | ||
| 020 | _a9789945492378 | ||
| 040 |
_aDO-SdBNP _bspa _cBNPHU _erda |
||
| 041 | _aspa | ||
| 082 |
_axxx _bxxx _222 |
||
| 100 | 1 |
_aCarreras Aguilera, Pedro, _d1954- _eautor _4aut. _934553 |
|
| 245 | 1 | 0 |
_aUna centuria tocando acordeón : _bde Ñico Lora a Tatico Henríquez / _cPedro Carreras Aguilera. |
| 264 | 4 |
_aSanto Domingo : _bEditora Nacional, _c©2014. |
|
| 300 |
_a134 páginas ; _c23 cm. |
||
| 336 |
_atexto _btxt _2rdacontent |
||
| 337 |
_asin mediación _bn _2rdamedia |
||
| 338 |
_avolumen _bnc _2rdacarrier |
||
| 500 | _aIncluye datos biográficos del autor en las solapas | ||
| 500 | _aIncluye referencias bibliográficas y notas al pie de las páginas | ||
| 504 | _aBibliografías : páginas 131-134 | ||
| 590 | _aInventariado, 2025/BT | ||
| 942 |
_2ddc _cLBS1 |
||
| 999 |
_c44129 _d44129 |
||